| 000 | 01133cad a22002535a 4500 | ||
|---|---|---|---|
| 001 | E147861 | ||
| 008 | 090624s2009 xxuad f s 000 0 eng d | ||
| 035 | _a(Sirsi) u147861 | ||
| 041 | 0 | _aeng | |
| 050 | 0 | 4 | _a333.33 $2 18 |
| 110 | 2 |
_aCushman and Wakefield _9244 |
|
| 245 | 0 | 0 |
_aAmericas economic pulse _bthe descent slows _h[electronic resource] |
| 260 |
_aNew York _bCushman and Wakefield _c2009 |
||
| 490 | 0 | _aAmericas Economic Pulse | |
| 520 | _aSuggests that the decline in the rate of job losses in the Americas indicates that the speed of economic decline is now slowing, although an upturn is not likely until the end of 2009 or the beginning of 2010. Tables. | ||
| 590 | _aKA | ||
| 650 | 2 | 4 | _aCUSHMAN AND WAKEFIELD AMERICAS ECONOMIC PULSE |
| 651 | 4 |
_aUnited States _y1959- |
|
| 651 | 4 | _aCanada | |
| 651 | 4 | _aSouth America | |
| 690 | _aPROPERTY-COMMERCIAL PROPERTY-COMMERCIAL PROPERTY MARKET | ||
| 856 | 4 | 0 |
_uhttps://www.cushwake.com/cwglobal/jsp/kcReportDetail.jsp?Country=GLOBAL&Language=EN&catId=100006&pId=c23700002p _zView this report free of charge (requires registration) at www.cushwake.com... |
| 942 | _n0 | ||
| 999 |
_c109756 _d109756 |
||